Name That War - Statistics

General Stats
  • This quiz has been taken 19 times
  • The average score is 14 of 30
Answer Stats
Sides Years War % Correct
2) Union vs Confederacy 1860-1865 Civil
83%
11) US vs USSR 1947-1991 Cold
83%
12) South Vietnam/Allies vs North/Allies 1955-1975 Vietnam
78%
24) North vs South Korea and Allies 1950-1953 Korean
72%
1) Allies vs Axis powers 1939-1945 WW2
72%
4) British Empire vs the US 1812-1815 1812
67%
7) France vs European coalitions 1803-1815 Napoleonic
67%
8) Rome vs Carthage 264-146 BC Punic
67%
29) UK vs Argentina Apr-Jun 1982 Falkland
61%
5) Allied vs Central Powers 1914-1918 WW1
61%
9) US vs Mexico 1846-1848 Mexican American
56%
3) British Empire vs Colonies 1775-1783 Revolutionary
56%
27) Russia vs Japan 1904-1905 Russo Japanese
56%
10) US vs Spain Apr-Dec1898 Spanish American
56%
17) European Christians vs Muslims 1095-1291 Crusades
50%
16) England vs France 1337-1453 Hundred Years
50%
6) Britiain vs France/Natives 1754-1763 French and Indian
44%
22) Iraq vs US coalition 1990-1991 Persian Gulf
44%
18) Lancaster vs York 1455-1485 Roses
44%
13) Greece vs Troy 1200-1180 BC Trojan
44%
21) Bolsheviks vs White Army 1917-1923 Russian Revolution
39%
14) Athens vs Sparta 431-404 BC Peloponnesian
28%
25) Roman Empire vs Gaul 58-50 BC Gallic
22%
23) British vs Zulu Kingdom Jan-July 1879 Anglo Zulu
17%
20) New England colonies vs Native tribes 1675-1678 King Philips
17%
19) Netherlands vs Spain 1568-1648 Eighty Years
11%
30) Paraguay vs Brazil/Argentina/Uruguay 1864-1870 Triple Alliance
11%
15) Sparta vs Persia 490-479 BC Greco Persian
6%
28) British vs Wirajudri tribe Jan-Dec 1824 Bathurst
0%
26) Babylonian Empire vs Mesopotamia 1792-1750 BC Hammurabi
0%
No matching quizzes found
Score Distribution
Percent of People with Each Score
Percentile by Number Answered
Your Score History
You have not taken this quiz